00487nam a2200157Ia 4500008004100000040001900041041001200060082003700072245004000109260003600149300002000185650005100205651001800256700002500274850003000299131103s9999 xx 000 0 und d aLoreto College aEnglish a822.33/(ID)/JUL/DORbLCLIB/28905 aJulius CaesarcEdited by T.S.Dorsch aCalcuttabB.I publicationc1981 a166p. c 20 cm. aShakespeare, William - Julius Caesar-criticism aEnglish Drama aHumphreys,Arther,ed. aLCLIB/822.33/(ID)/JUL/DOR